000 01719nam a2200385 c 4500
003 BLK
005 20240408093633.0
008 180413b bul|||||r ||||||| ||bul||
010 _aKNG00018484000
020 _a954-8440-14-8
_bиздат.: Рива
040 _aBLK
041 _aBUL
_cBUL
080 _aСтопански системи. Стадии и степени на развитие на икономиката
_b330.342
_x
_z330.342
080 _aИкономическа психология. Икономическо поведение. Физиологични и психологични елементи. Интереси. Икономически дух
_b330.16
_x
_z330.16
080 _aЕтика на бизнеса. Успех
_b174.4
_x
_z174.4
100 1 _aФукуяма, Франсис
_eпърви автор
_9135124
139 _aФукуяма, Франсис
_bФ 90
245 1 0 _aДоверие
_bОбщ. ценности и създаването на благосъстояние
_cФрансис Фукуяма.
257 _aUSA
260 София
_bРива
_c1997
300 _a480 с.
_c20 см
380 _a3
500 _aОриг. загл. The Free Press / Francis Fukuyama. - 1 000 тир.
650 4 _aИкономически системи
_9261259
650 4 _aПоведение - в бизнеса
_9243749
650 4 _aБизнес - етични проблеми
_9243750
653 _aбизнес поведение
653 _aетика
852 _aЦб 194008
856 4 _qpdf
_u
856 4 _qpdf
_u
942 _cKNG
_n0
_03
944 _aCR
_c15.01.2003
_k30576
_lЦветомила Тодорова
944 _aED
_c23.12.2016
_kДаниел_Димитров
999 _c16602
_d16602